Los libros de la doctrina christiana de N.G.P.S. Agustín según la edición de S. Mauro.

Detalles Bibliográficos
Autor principal: S. Mauro
Formato: Libro
Publicado: Madrid 1792
Materias:
Colección:Banco de datos
Acervo:Biblioteca del Ex Convento de Nuestra Señora de Guadalupe. Zacatecas
Descripción Física:t. I
Tema general:Catequética
Notas:Buena. XXXIII, 5, 6 (9285).
LEADER 00743nam a22002050004500
035 |a 49037 
036 |a 10221 
100 1 |a S. Mauro. 
245 1 0 |a Los libros de la doctrina christiana de N.G.P.S. Agustín según la edición de S. Mauro.  |c tr. Eugenio de Zeballos 
260 |a Madrid  |b imp. Benito Cano  |c 1792 
300 |a t. I 
500 |a Buena. XXXIII, 5, 6 (9285). 
650 1 0 |a Catequética 
949 |a CRZ-CG 
959 |a Ex convento de Nuestra Señora de Guadalupe, Museo Regional de Zacatecas, Zacatecas  |b CCC4 
960 |a Convento de Nuestra Señora de Guadalupe, Zacatecas  |b DD87 
961 |a Franciscana  |b OF 
942 |c CRZ-CG 
943 |g Biblioteca del Ex Convento de Nuestra Señora de Guadalupe. Zacatecas 
999 |c 973164  |d 973164